• 首页
  • 本馆介绍
  • 公告通知
  • 最新文献
  • 馆藏检索
  • 电子资源
  • 读者导购
  • 参考咨询
  • 我的图书馆
  • 登录
  • 详细信息显示
  • 放入我的书架
  • 预约/预借图书
  • 作者相关作品
  • 分类相关作品
  • 丛书相关作品
  • 出版社相关作品

书目信息

  • 表格格式
  • 工作单格式
  • 卡片格式
题名:
合唱热身练声指南
    
 
作者: 谭雅如 著
分册:  
出版信息: 上海   华东师范大学出版社  2015
页数: 122页
开本: 24cm
丛书名:
单 册:
中图分类: J616.1-62
科图分类:
主题词: 合唱--声乐训练--发声法--指南
电子资源:
ISBN: 978-7-5675-3077-5
000 00791nam0 2200241 450
001 340133
005 20150625145753.98
010    @a978-7-5675-3077-5@dCNY28.00
100    @a20150601d2015 em y0chiy50 ea
101 0  @achi
102    @aCN@b310000
105    @aag z 000yy
106    @ar
200 1  @a合唱热身练声指南@Ahe chang re shen lian sheng zhi nan@f谭雅如著
210    @a上海@c华东师范大学出版社@d2015
215    @a122页@c照片@d24cm
300    @a华东师范大学教材出版基金资助出版
330    @a本书从艺术实践的实际出发, 归纳总结了指挥对合唱团员热身训练的不同要求, 提出了合唱训练中许多有价值的方法及观点。
606 0  @a合唱@x声乐训练@x发声法@j指南
690    @aJ616.1-62@v5
701  0 @a谭雅如@Atan ya ru@4著
801  0 @aCN@b卓展宏图@c20150525
905    @dJ616.1-62@e665@f4
    
    合唱热身练声指南/谭雅如著.-上海:华东师范大学出版社,2015
    122页:照片;24cm
    华东师范大学教材出版基金资助出版
    
    ISBN 978-7-5675-3077-5:CNY28.00
    本书从艺术实践的实际出发, 归纳总结了指挥对合唱团员热身训练的不同要求, 提出了合唱训练中许多有价值的方法及观点。
●
相关链接 在E读中查询图书 在五车中查询图书 在当当中查询图书 在豆瓣中查询图书


正题名:合唱热身练声指南     索取号:J616.1-62/665         预约/预借

序号 登录号 条形码 馆藏地/架位号 状态 备注
1 864451   208644519   第一样本阅览室/ [索取号:J616.1-62/665] 在馆    
2 864452   208644528   第一借阅区/ [索取号:J616.1-62/665] 在馆    
3 864453   208644537   第一借阅区/ [索取号:J616.1-62/665] 在馆    
4 864454   208644546   第一借阅区/ [索取号:J616.1-62/665] 在馆    
唐山师范学院图书馆 欢迎您!
大连网信软件有限公司© 版权所有